Proyección de los principios laborales a la etapa poscontractual tras la extinción del contrato de trabajo (Registro nro. 30205)
[ vista simple ]
| 000 -LEADER | |
|---|---|
| fixed length control field | 00455 a2200121 4500 |
| 001 - CONTROL NUMBER | |
| control field | ART_63387 |
| 005 - DATE AND TIME OF LATEST TRANSACTION | |
| control field | 20260410161949.0 |
| 008 - FIXED-LENGTH DATA ELEMENTS--GENERAL INFORMATION | |
| fixed length control field | 260409a |
| 100 1# - MAIN ENTRY--PERSONAL NAME | |
| Personal name | Tula, Diego J. |
| 245 10 - TITLE STATEMENT | |
| Title | Proyección de los principios laborales a la etapa poscontractual tras la extinción del contrato de trabajo |
| 700 1# - ADDED ENTRY--PERSONAL NAME | |
| Personal name | Fernández Martín, María Eugenia |
| 773 0# - HOST ITEM ENTRY | |
| Title | Temas de derecho laboral |
| Related parts | - Año 11, N° 9/10 (sep./oct. 2025) |
| Record control number | REV27619 |
No hay ítems disponibles.